Organizace Spojených Národů

Bibliographic Details
Format: Book
Language:Undetermined
PhysicalDescription:16 s.
Published: Olomouc Státní vědecká knihovna 1980

MARC

LEADER 00000nam a2200000 a 4500
001 vtls001277654
003 SK-MaSNL
005 20260224020441.0
008 210928s1980 xx 0 und
035 |a SNK000228926 
040 |a SNK  |b slo  |c SNK  |e AACR2 
245 1 |a Organizace Spojených Národů 
260 |a Olomouc  |b Státní vědecká knihovna  |c 1980 
300 |a 16 s. 
958 |a OND 
999 |c 799921  |d 801851 
952 |t P60, <04>, [BOOK], {604}  |a SNK  |b SNK  |y VYP  |7 0  |p 17A0040556  |o snkIC 81123 D1  |0 0  |1 1  |4 0  |d 1997-02-25  |l 0  |r 2005-01-02 00:00:00  |w 2026-02-24